00511nam a22001697a 450000500170000001000150001702000260003203500140005803700130007208200080008510000380009324500660013126000350019727000700023230000200030250000190032220151001120543.0 aENG-113775 a9789383334100c995.00 aEN- 97307 bDBAD/PUB a350 aAshtagi, Chandrakant D. Shivakeri aPublic administration /c by Chandrakant D. Shivakeri Ashtagi aDelhibA.K. Publicationsc2014 aB-61./E-1, Gali No.14, Jagat Puri Extn. Shahdara bDelhi e110093 a186p.c23cm(Hb) aIncludes index